Statistics for US presidents by silhouette (easier)

Click here to take the quiz!

General Stats

  • This quiz has been taken 34 times
  • The average score is 11 of 14

Answer Stats

Answer% Correct
Abraham Lincoln
100%
Barack Obama
100%
George Washington
100%
Donald Trump
97%
John F. Kennedy
97%
Theodore Roosevelt
97%
Dwight D. Eisenhower
84%
Thomas Jefferson
84%
Joe Biden
81%
Martin van Buren
71%
William Taft
71%
James Monroe
61%
Franklin Pierce
55%
James A. Garfield
52%

Score Distribution

Percentile by Number Answered

Percent of People with Each Score

Your Score History

You have not taken this quiz